00537nam a2200169Ia 450000500170000000800410001704000190005804100120007708200150008910000250010424500980012926000300022730000180025750400500027565000320032585000100035720230503103335.0131103s9999 xx 000 0 und d aLoreto College aEnglish a823.8bGRE aGreen,Roger Lancelyn aTellers of talesb childen's books and their authors from 1800 to 1964 cRoger Lancelyn Green aLondonbEdmund Wardc1965 a320 p.b ill. aIncludes bibliographical references and index aEnglish fiction - criticism aLCLIB